Представление документа в формате MARC21

ПолеНазваниеЗначение
  Тип записи a
  Библиографический уровень m
001 Контрольный номер RU\infra-m\znanium\bibl\2242631
005 Дата корректировки 20260429142214.9
008 Кодируемые данные 260225s2026 RU g rus u
020 Индекс ISBN __
a ISBN 978-5-16-016719-0
020 Индекс ISBN __
a ISBN 978-5-16-109304-7 (электр. издание)
040 Источник каталогиз. __
a Служба первич. каталог. Общество с ограниченной ответственностью «ЗНАНИУМ»
041 Код языка издания __
a Код языка текста rus
044 Код страны публикации __
a Код страны публикации RU
080 Индекс УДК __
a Индекс УДК 004.056(075.32)
084 Индекс другой классификации/Индекс ББК __
2 Источник индекса rubbk
a Индекс другой классификации/Индекс ББК 65.050.2я723
084 Индекс другой классификации/Индекс ББК __
2 Источник индекса okso
a Индекс другой классификации/Индекс ББК 10.02.01
084 Индекс другой классификации/Индекс ББК __
2 Источник индекса okso
a Индекс другой классификации/Индекс ББК 10.02.02
084 Индекс другой классификации/Индекс ББК __
2 Источник индекса okso
a Индекс другой классификации/Индекс ББК 10.02.03
084 Индекс другой классификации/Индекс ББК __
2 Источник индекса okso
a Индекс другой классификации/Индекс ББК 10.02.04
084 Индекс другой классификации/Индекс ББК __
2 Источник индекса okso
a Индекс другой классификации/Индекс ББК 10.02.05
084 Индекс другой классификации/Индекс ББК __
2 Источник индекса okso
a Индекс другой классификации/Индекс ББК 11.02.07
084 Индекс другой классификации/Индекс ББК __
2 Источник индекса okso
a Индекс другой классификации/Индекс ББК 11.02.18
084 Индекс другой классификации/Индекс ББК __
2 Источник индекса okso
a Индекс другой классификации/Индекс ББК 21.02.19
100 Автор __
a Автор Гришина Н. В.
q Полное имя Гришина Наталия Васильевна
u Дополнение Российский государственный гуманитарный университет РГГУ
245 Заглавие __
a Заглавие Основы информационной безопасности предприятия
b Продолж. заглавия Учебное пособие
c Ответственность Российский государственный гуманитарный университет РГГУ
250 Сведения об издании __
g доп.
a Основные сведения об издании 2
260 Выходные данные __
a Место издания Москва
b Издательство ООО "Научно-издательский центр ИНФРА-М"
c Дата издания 2026
300 Физическое описание __
a Объем 216 с.
440 Серия __
a Серия Среднее профессиональное образование
520 Аннотация __
a Аннотация В учебном пособии рассмотрены основные понятия определения положения и методологические подходы к организации комплексной системы защиты информации. Особое внимание уделено проблеме «человеческого фактора». Соответствует требованиям федеральных государственных образовательных стандартов среднего профессионального образования последнего поколения. Предназначено для студентов учреждений среднего профессионального образования вузов преподавателей занимающихся вопросами защиты информации.
521 Примеч. о цел. назн. __
a Примеч. о целев. назн. Среднее профессиональное образование
650 Тематические рубрики __
a Основная рубрика Информатика. Вычислительная техника
x Основная подрубрика Защита информации. Компьютерная безопасность
655 Указ. предметных рубрик (устаревшее) __
a Жанр/ форма (устаревшее) Учебное пособие
856 Электронный адрес документа 4_
a Имя сервера/домена znanium.ru
m Помощь ebs_support@infra-m.ru
n Местонахождение сервера НИЦ ИНФРА-М
u URL https://znanium.ru/catalog/document?id=478244
856 Электронный адрес документа 48
a Имя сервера/домена znanium.ru
d Путь /cover/2242
f Электронное имя 2242631.jpg
q Тип электронного формата image/jpeg
u URL https://znanium.ru/cover/2242/2242631.jpg
911 __
u 0030=https://znanium.ru/catalog/document?id=478244